Etiqueta de registo: 00254nam 2200025 450
001 2193872
003 http://id.bnportugal.gov.pt/bib/catbnp/2193872
010 ## $a978-989-37-7615-5
021 ## $aPT$b528981/24
100 ## $a20241029d2024 c y0pory01030103ba
101 0# $apor
102 ## $aPT
105 ## $aa z 000fy
106 ## $ar
200 1# $a A pequena bruxinha$fMaria Cadete$gil. Inês Duarte
205 ## $a1ª ed
210 #9 $aLisboa$cFlamingo,$d2024
215 ## $a31, [3] p.$cil.$d21 cm
675 ## $a087.5$vBN$zpor$3287999
675 ## $a821.134.3-93"20"$vBN$zpor$31046482
700 #1 $aCadete,$bMaria$31933636
702 #1 $98$aDuarte,$bInês$4440$31921475
801 #0 $aPT$bBN$gRPC
856 41 $uhttp://rnod.bnportugal.gov.pt/ImagesBN/winlibimg.aspx?skey=&doc=2193872&img=200662&save=true
900 ## $aBIBNAC$d20241121
966 ## $lBN$mFGMON$sP. 68122 V.$x1
971 ## $cisantos$d20241029
972 ## $e0$z0$d20241121$viquintas
973 ## $ctrodrigues$d20241108
Etiqueta de registo: 00254nam 2200025 450
001 2281661
003 http://id.bnportugal.gov.pt/bib/catbnp/2281661
010 ## $a978-989-33-8960-7
021 ## $aPT$b558130/25
100 ## $a20260319d2025 m y0pory01030103ba
101 1# $apor$ceng
102 ## $aPT
105 ## $ay z 000yy
106 ## $ar
200 1# $a O evangelho de Jesus Cristo$fPaul Washer$gtrad. Maria Cadete
210 #9 $aRamada$cYada,$dD.L. 2025
215 ## $a31 p.$d21 cm
304 ## $aTít. orig.: The gospel of Jesus Christ - reformation heritage books
675 ## $a277.4-47$vBN$zpor$31993084
700 #1 $aWasher,$bPaul,$f1961-$31583909
702 #1 $aCadete,$bMaria$4730$31933636
801 #0 $aPT$bBN$gRPC
900 ## $aBIBNAC$d20260401
966 ## $lBN$mFGMON$sR. 33424 V.$x1
966 ## $lBN$mFGMON$sR. 33424 V.-D$x1
971 ## $cisantos$d20260319
972 ## $e0$z0$d20260401$vasantos
973 ## $csteixeira$d20260323